| 000 | 00829nam a22002897a 4500 | ||
|---|---|---|---|
| 001 | 0074 | ||
| 003 | DO-SdBPM | ||
| 005 | 20250604104537.0 | ||
| 007 | 0074 | ||
| 008 | 151026b2010 pe |||| 00| 0 spa d | ||
| 020 | _a9786124063565 | ||
| 040 |
_aDO-SdBPM _bspa _cBPMSU |
||
| 082 | 4 |
_a862.31 _bV422f 2010 _222 |
|
| 092 |
_axxxxxxx _bxxxxxxx |
||
| 100 | 1 |
_aVega, Lope de _d 1562-1635 |
|
| 245 | 1 | 0 |
_aFuenteovejuna / _cFélix Lope de Vega y Carpio. |
| 260 |
_aLima, Perú : _bEducativa, _c2010. |
||
| 300 |
_a120 p. : _bil. ; _c20 cm. |
||
| 490 | 0 | _aEducativa | |
| 590 | _aInventariado, 2025/VM | ||
| 650 | 4 |
_aTeatro español _ySiglo XVII |
|
| 650 | 4 |
_aNobleza _vTeatro |
|
| 650 | 4 |
_aAristocracia _vTeatro |
|
| 700 | 1 |
_aJara Morales, Gerson _eilustración |
|
| 910 | _aVMateo V. Control de calidad. BPMSU | ||
| 942 |
_2ddc _cBK |
||
| 999 |
_c8464 _d8464 |
||